000 00626na a2200217 4500
001 15874
003 MIRAKIL
005 20181213154914.0
008 161009b tu 000 0
040 _aMilas
_btur
_cTR-AnCHP
041 _atur
082 _a920 Cassidy,S
_bC27i 1987
090 _a920 Cassidy,S C27i 1987
100 _aCassidy, Sheila
_d1937-
245 _aİnanıyorum ki, biz kazanacağız
_cSheila Cassidy ; çeviren Gencay Şaylan
260 _aAnkara
_bBaşak Yayınları
_c1987
300 _a376 s.
_c20 sm.
600 _aCassidy, Sheila
_xOtobiyografi
700 _aŞaylan, Gencay
942 _2ddc
_cBKS
999 _c2956
_d2956